000 00439nam a2200145Ia 4500
008 100122s9999 xx 000 0 und d
082 _b68912
_a791.83
100 _aठाकूर दिलीप
245 _aकरंट बुकिंग
260 _bसंवेदना प्रकाशन
_c2005
300 _a168
630 _aकरंट बुकिंग
730 _aकरंट बुकिंग
942 _cBOOK
999 _c440415
_d440412